000 00317nam a22001337a 4500
008 170227b xxu||||| |||| 00| 0 eng d
020 _a9780471451969
041 _aeng
080 _28TH
_a577
100 _a5
101 _aSHMD
245 _aINTRODUCTION TO GENERAL, ORGANIC, AND BIOCHEMISTRY
_cHEIN
942 _2udc
_cBK
999 _c6322
_d6322